Makroekonomické súvislosti konvergencie Českej republiky k eurozóne

Analýza plnenia a pripravenosti Českej republiky k prijatiu eura. Porovnanie súčasnej hodnoty jednotlivých ukazovateľov s ich predpokladom na najbližšie obdobie v zložitom hospodárskom prostredí. Ekonomická vyspelosť k eurozóne, synchronizácia hospodárskych cyklov a možné výkyvy asymetrických šokov...

Ausführliche Beschreibung

Gespeichert in:
Bibliographische Detailangaben
1. Verfasser: Bartánusová, Milada
Weitere Verfasser: Petrisková, Marta
Format: Buchkapitel
Sprache:Slowakisch
Schlagworte:
Tags: Tag hinzufügen
Keine Tags, Fügen Sie das erste Tag hinzu!

MARC

LEADER 00000nla$a2200000$$$4500
001 0116823
005 20240502072313.2
041 0 |a slo 
044 |a SK 
245 1 0 |a Makroekonomické súvislosti konvergencie Českej republiky k eurozóne  |c Milada Bartánusová, Marta Petrisková 
520 |a Analýza plnenia a pripravenosti Českej republiky k prijatiu eura. Porovnanie súčasnej hodnoty jednotlivých ukazovateľov s ich predpokladom na najbližšie obdobie v zložitom hospodárskom prostredí. Ekonomická vyspelosť k eurozóne, synchronizácia hospodárskych cyklov a možné výkyvy asymetrických šokov sú podnetom pre obavy z rýchleho vstupu Českej republiky do eurozóny. 
610 2 0 |a eurozóna 
610 2 0 |a oblasti menové 
610 2 0 |a euro 
610 2 0 |a únie menové 
610 2 0 |a konvergencia 
610 2 0 |a šoky hospodárske 
610 2 0 |a cykly hospodárske 
610 2 0 |a Česko 
100 1 |a Bartánusová, Milada 
700 1 |a Petrisková, Marta